| 000 | 00739nam a22001577a 4500 | ||
|---|---|---|---|
| 003 | OSt | ||
| 005 | 20150920082118.0 | ||
| 008 | 150920b xxu||||| |||| 00| 0 eng d | ||
| 040 | _cRUA | ||
| 082 | _aAGR THA 2008 B038 Or.1 | ||
| 100 |
_9896 _aTHAN, SEYHA. |
||
| 245 | _aUsing of botanical pesticide of cashew trees in santuk and brasat sambo district kompong thom province ការប្រើប្រាស់ថ្នាំពុលធម្មជាតិលើដំណាំស្វាយចន្ទីនៅស្រុកសន្ទុក និងស្រុកប្រសាទសំបូរ ខេត្តកំពង់ធំ | ||
| 260 |
_aPhnom Penh _bRUA _c2008 |
||
| 300 |
_ax; 47p. _bill. _c29cm. |
||
| 942 |
_2ddc _cAGR |
||
| 999 |
_c864 _d864 |
||